L'Etat devant la personne et la societé
Guardat en:
| Autor principal: | |
|---|---|
| Format: | Llibre |
| Idioma: | francès |
| Publicat: |
París
Recueil Sirey
1948
|
| Matèries: | |
| Etiquetes: |
Afegir etiqueta
Sense etiquetes, Sigues el primer a etiquetar aquest registre!
|
MARC
| LEADER | 00000nam a2200000 a 4500 | ||
|---|---|---|---|
| 001 | UCT6968 | ||
| 003 | CL-VaPUC | ||
| 008 | 970113e19480000FR |||||||||||||||||fre|d | ||
| 082 | 0 | 4 | |a 320.1 |b MAS |2 21 |
| 100 | |a Maspétiol, Roland |e autor |9 377438 | ||
| 245 | 1 | 2 | |a L'Etat devant la personne et la societé |
| 300 | |a 152 p | ||
| 942 | |c BK | ||
| 945 | |d 19970113 00:00:00 |a lriquelm | ||
| 260 | |a París |b Recueil Sirey |c 1948 | ||
| 650 | 0 | |a Estado |9 255503 | |
| 650 | 0 | |a Ciencias Políticas |9 255201 | |
| 650 | 0 | |a Política |9 255312 | |
| 650 | 0 | |a Imperialismo |9 258264 | |
| 650 | 7 | |a TEORIA |2 CL-VaPUC |9 377439 | |
| 650 | 7 | |a REVOLUCION |2 CL-VaPUC |9 338298 | |
| 583 | |a last modification |c 19970113 00:00:00 |k Rodrigo Vera | ||
| 999 | |c 255633 |d 255631 | ||
| 952 | |0 0 |1 0 |4 0 |6 320_100000000000000_MAS_1948 |7 0 |8 A |9 277975 |a BIBDER |b BIBDER |d 2019-11-19 |i 180233K |o 320.1 MAS 1948 |p 180233K |r 2023-01-25 |w 2019-11-19 |y BK |k DER | ||